A fera amansada (Registo nº 6095)
[ vista simples ]
| 000 -Etiqueta do registo | |
|---|---|
| Valores | 00817cam a2200253 4500 |
| 010 ## - Número ISBN | |
| ISBN | 9725750918 |
| 021 ## - Número do Depósito Legal | |
| Número | 33165/90 |
| 100 ## - Dados gerais de processamento | |
| Dados gerais | 19900402d1990 de y0pory5003 ba |
| 200 1# - Titulo e menção de responsabilidade | |
| Título próprio | A fera amansada |
| Primeira menção de responsabilidade | adapt. de Charles e Mary Lamb |
| Outras menções de responsabilidade | des. Teresa Dias Coelho |
| -- | trad. Jose Vieira de Lima |
| 210 #9 - Publicação | |
| Local de publicação | Lisboa |
| Nome do editor | Contexto, |
| Data de publicação | 1990 |
| 215 ## - Descrição física | |
| Paginação / Volumes | 31, [1] p. |
| Outras indicações físicas | il. |
| Dimensões | 18 cm |
| 225 2# - Colecção | |
| Título próprio da colecção | Contos de Shakespeare |
| Indicação de volume | 13 |
| 304 ## - Nota relativa ao título | |
| Texto de nota | Tit. orig.: The taming of the shrew |
| 675 ## - CDU | |
| Notação | 821.111-93 |
| Edição | PT |
| Língua | por |
| 700 #1 - Autor principal (pessoa individual) | |
| Apelido | Lamb, |
| Nome | Charles, |
| Datas | 1775-1834 |
| 701 #1 - Co-autor principal (pessoa individual) | |
| Apelido | Lamb, |
| Nome | Mary, |
| Datas | 1764-1847 |
| 702 #1 - Autor secundário (pessoa individual) | |
| Apelido | Coelho, |
| Nome | Teresa Dias, |
| Datas | 1954- |
| 702 #1 - Autor secundário (pessoa individual) | |
| Apelido | Lima, |
| Nome | Jose Vieira de, |
| Datas | 1951-2019 |
| 702 #1 - Autor secundário (pessoa individual) | |
| Apelido | Shakespeare, |
| Nome | William, |
| Datas | 1564-1616 |
| 801 #0 - Fonte de origem | |
| País | PT |
| Agência | BMVN |
| Regras de catalogação | RPC |
| 830 ## - Notas gerais do catalogador | |
| Criado por | Sílvia Neutel |
| Data de criação | 31.12.2021 |
| 990 ## - Elementos KOHA | |
| Tipo de documento | Livro |
| Situação do levantamento | Biblioteca de origem | Código de barras | Cota | Permissão de empréstimo | Tipo de documento | Forma de aquisição |
|---|---|---|---|---|---|---|
| Biblioteca Escola Secundária de Vendas Novas | 200000002884 | LJ/EST/SHA | Livro |